বিশ্ব নাগরিক / (Record no. 9169)
[ view plain ]
| 000 -LEADER | |
|---|---|
| fixed length control field | 00750nam a2200229 a 4500 |
| 001 - CONTROL NUMBER | |
| JCCL Control Number | 9169 |
| 003 - CONTROL NUMBER IDENTIFIER | |
| JCCL marc code | BD-JhCC |
| 005 - DATE AND TIME OF LATEST TRANSACTION | |
| control field | 20180523113508.0 |
| 008 - FIXED-LENGTH DATA ELEMENTS--GENERAL INFORMATION | |
| fixed length control field | 180310s1969 bg |||| || | 000 0 ben d |
| 035 ## - SYSTEM CONTROL NUMBER | |
| system control number | (BD-JhCC)9169 |
| 040 ## - CATALOGING SOURCE | |
| Original cataloging agency | BD-JhCC |
| Modifying agency | BD-JhCC |
| 041 ## - LANGUAGE CODE | |
| Language code of Book | ben |
| 082 ## - DEWEY DECIMAL CLASSIFICATION NUMBER | |
| Classification number | 323.63 |
| Author mark and Year | SMI 1969 |
| 100 ## - MAIN ENTRY--PERSONAL NAME | |
| Personal name | স্মিথ, অলিভার গোল্ড |
| 245 ## - TITLE STATEMENT | |
| Title | বিশ্ব নাগরিক / |
| Statement of responsibility, etc | অলিভার গোল্ড স্মিথ, আবদার রশীদ (অনূদিত) |
| 260 ## - PUBLICATION, DISTRIBUTION, ETC. (IMPRINT) | |
| Place of publication, distribution, etc | ঢাকা : |
| Name of publisher, distributor, etc | বাংলা একাডেমী / |
| Date of publication, distribution, etc | 1969 |
| 300 ## - PHYSICAL DESCRIPTION | |
| Pagination | 492 p. : |
| Dimensions | 21 cm. |
| 650 ## - SUBJECT ADDED ENTRY--TOPICAL TERM | |
| Topical term or geographic name as entry element | Political Rights |
| 700 ## - ADDED ENTRY--PERSONAL NAME | |
| Personal name | রশীদ,আবদার |
| 942 ## - ADDED ENTRY ELEMENTS (KOHA) | |
| Source of classification or shelving scheme | Dewey Decimal Classification |
| Koha item type | Books |
| Source of classification or shelving scheme | Damaged status | Not for loan | Home library | Current library | Shelving location | Date of accession | Cost, normal purchase price | Total Checkouts | Full call number | Barcode | Date last seen | Copy number | Koha item type |
|---|---|---|---|---|---|---|---|---|---|---|---|---|---|
| Dewey Decimal Classification | JCC Rouf Library | JCC Rouf Library | General Stacks | 03/10/2018 | 12.50 | 323.63 SMI 1969 | 12034 | 03/10/2018 | C-1 | Books | |||
| Dewey Decimal Classification | JCC Rouf Library | JCC Rouf Library | General Stacks | 03/11/2018 | 12.50 | 323.63 SMI 1969 | 12224 | 03/11/2018 | C-2 | Books |